00893nam a22002177a 450000500170000000800410001702000180005804000570007604100080013310000220014124502530016326000420041630000180045849000460047650400410052265000270056365000160059065000170060670000260062370000260064920140903174928.0131017s2010 ck frn 000 0dsp  a9789587099706 aCO-BoUCMbspacAngélica RojasdAldemar Mondragón00aspa1 aÁvila, Fernando10aPuntuación sin misterios diez guías, diez propuestas de trabajo y diez respuestas sobre la forma más clara de escribir frases y párrafos y el uso preciso de los signoscFernando Ávila ; asesoria Diana Rojas Buitrago, Luisa Fernanda Rojas aBogotá (Colombia)bIntermedioc2010 a167 páginas0 aLa Vuelta al Español on Ochenta Guías aIncluye referencias bibliográficas 7aEspañolxGramática 7aGramática 7aOrtografía1 aRojas Buitrago, Diana1 aRojas, Luisa Fernanda